Normal view
MARC view
- On the color TV service bench
Entry Topical Term
001 - CONTROL NUMBER
- control field: 106268
003 - CONTROL NUMBER IDENTIFIER
- control field: NUST
005 - DATE AND TIME OF LATEST TRANSACTION
- control field: 20221228171640.0
008 - FIXED-LENGTH DATA ELEMENTS
- fixed length control field: 221228|| aca||aabn | a|a d
040 ## - CATALOGING SOURCE
- Original cataloging agency: NUST
- Transcribing agency: NUST
150 ## - HEADING--TOPICAL TERM
- Topical term or geographic name entry element: On the color TV service bench
670 ## - SOURCE DATA FOUND
- Source citation: Work cat.: (NUST)183420: Jay Shane 106267, On the color TV service bench /, 1974
